Statistiques concernant Focus sur: Bellatrix Lestrange - Harry Potter

Cliquez ici pour prendre le quiz!

Statistiques générales

  • Ce quiz a été pris 842 fois
  • Le résultat moyen est 11 sur 15

Statistiques - réponses

Informations recherchéesRéponses% Correct
Ecole fréquentéePoudlard
99%
Statut du sangSang-Pur
98%
Maison fréquentéeSerpentard
98%
Couleur des cheveuxNoir
96%
SœurNarcissa Malefoy
90%
Première apparitionHarry Potter et l'Ordre du Phénix
89%
Lieu de rencontre avec Harry PotterDépartement des mystères,Ministère de la Magie
82%
Actrice l'interprétant dans les filmsHelena Bonham Carter
75%
SœurAndromeda Tonks
74%
ÉpouxRodolphus Lestrange
66%
Intérieur de la baguetteVentricule de cœur de dragon
59%
FilleDelphini Voldemort
51%
PèreCygnus Black III
38%
MèreDruella Rosier
25%
Bois de la baguetteNoyer
21%

Distribution des résultats

Percentile par nombre de réponses

% des personnes avec chaque résultat

Votre développement - résultats

Vous n’avez pas pris ce quiz